000 00335nam a22001457a 4500
005 20250617130321.0
008 250617b |||||||| |||| 00| 0 eng d
020 _a9788130405186
_qPBK
041 _aENG
082 _a428.1
_bHAR
100 _aHarish Lalita
245 _aSharpen your vocabulary
300 _a160
942 _cENGLISH
999 _c572594
_d572594